00434nam a2200121 a 450000500170000000800410001705000230005810000170008124500410009826000430013999900190018295201110020120140414131914.0100701s19uu xx 00 eng d aM 232.91bB83 1964 aBruce, Janer aThe life of the blessed virgin Mary. aNew York :bHerder and Herder,c1964. c111363d111363 001040aMUbMUcMd2010-07-01eBkRewardl0oM 232.91 B83 1964pM2063r2014-04-14 00:00:00w2014-04-14yBK